00435nam a2200145Ia 4500008004100000020001500041041001200056082001600068100001600084245009100100260005100191300000800242650002100250700001800271221030s9999 xx 000 0 und d a9812402152 aEnglish a105.23bIng aV. K. Ingle 0aDigital Signal Processing Using MATLAB ( DEPARTMENTAL )cby V. K. Ingle, J. G. Proakis bBrooks/ Cole Thomsom LearningaNew Delhic2001 a418 aECE Departmental aJ. G. Proakis